| 000 | 02832nam a2200217Ia 4500 | ||
|---|---|---|---|
| 003 | OSt | ||
| 005 | 20260428144055.0 | ||
| 008 | 210210b1990 xxu||||| |||| 00| 0 eng d | ||
| 040 | _cAL | ||
| 041 | _aKannada | ||
| 082 | _a598K AJJK | ||
| 100 |
_aAJJAMPURA KRASHNASVAMI _dಅಜ್ಜಂಪುರ ಕೃಷ್ಣಸ್ವಾಮಿ _9263065 |
||
| 245 |
_aKhagasiri: Karnatakadalli kandubaruva kelavu Pakshijatigalu _bಖಗಸಿರಿ: ಕರ್ನಾಟಕದಲ್ಲಿ ಕಂಡುಬರುವ ಕೆಲವು ಪಕ್ಷಿಜಾತಿಗಳು |
||
| 260 |
_aBengaluru _bSwarnamba publication _c1990 |
||
| 300 | _axxviii,138p | ||
| 520 | _aಅಪಾರ ಜೀವರಾಶಿಯಲ್ಲಿ ಪಕ್ಷಿಗಳದ್ದೇ ಒಂದು ವೈಶಿಷ್ಟ್ಯ. ಅವುಗಳ ವಾಯುಗಮನದ ಪರಿಪೂರ್ಣತೆ, ಮನತಣಿಸುವ ವರ್ಣವಿನ್ಯಾಸ, ಗರಿಗೆದರುವ ವೈಖರಿ, ಗಾನಸುಧೆ, ಉಲ್ಲಾಸಭರಿತ ದಿನಚರಿ, ಆಹಾರ ದೊರಕಿಸಿಕೊಳ್ಳುವ ಸಾಧನೆ, ಗೂಡುಕಟ್ಟುವ ನಿಪುಣತೆ, ಮರಿಪಾಲನೆಯ ಹೊಣೆ, ಆಗಮನ-ನಿರ್ಗಮನ ಇವೆಲ್ಲ ವಿಸ್ಮಯಭರಿತವಾಗಿದ್ದು, ಪಕ್ಷಿ ವೀಕ್ಷಣೆ ಇಂದು ಆಸಕ್ತಿದಾಯಕ ಹವ್ಯಾಸವಾಗಿದೆ. ಈ ದಿಸೆಯಲ್ಲಿ ಕನ್ನಡ ಬಂಧುಗಳಿಗೆ ಕರ್ನಾಟಕದಲ್ಲಿ ಕಂಡು ಬರುವ ಜಲಪಕ್ಷಿಗಳು, ನೀರ್ನಡಿಗೆಯ ಪಕ್ಷಿಗಳು, ಗಗನ ವಿಹಾರಿಗಳು, ಇತ್ಯಾದಿಗಳಲ್ಲಿ ಕೆಲವಾರು ಪಕ್ಷಿಗಳ ಪರಿಚಯವನ್ನು ಸೂಕ್ತ ವರ್ಣಚಿತ್ರಗಳ ಮುಖೇನ ಮಾಡಿಕೊಡಲಾಗಿದೆ. ಪಕ್ಷಿ ಜೀವನದ ಕುತೂಹಲಕಾರಿ ವಿಶೇಷತೆಗಳನ್ನು ಹಾಗೂ ಅವುಗಳು ಬದುಕಿ ಬಾಳಲು ರೂಢಿಸಿಕೊಂಡ ಅನೇಕ ಸಾಧನೆಗಳನ್ನು ಪ್ರಬಂಧ, ಅನುಬಂಧಗಳಲ್ಲಿ ಪ್ರಸ್ತಾಪ ಮಾಡಲಾಗಿದೆ. ಕನ್ನಡದಲ್ಲಿ ಹೆಸರು ಕಾಣದ ಕೆಲವು ಪಕ್ಷಿಗಳು ಹೊಸ ಹೆಸರು ತಳೆದು ಕನ್ನಡಿಗರ ಮನದಲ್ಲಿ ಮೂಡುವಂತೆ ಮಾಡಲಾಗಿದೆ. | ||
| 650 |
_a ಕರ್ನಾಟಕದ ವಿವಿಧ ಪ್ರದೇಶಗಳಲ್ಲಿ ಕಂಡುಬರುವ ವಿಶಿಷ್ಟ ಮತ್ತು ಸಾಮಾನ್ಯ ಪಕ್ಷಿ ಪ್ರಭೇದಗಳ ಪರಿಚಯ _9263066 |
||
| 690 |
_aBirds _9263067 |
||
| 906 | _a044106 | ||
| 942 |
_2ddc _cBK |
||
| 999 |
_c93768 _d93768 |
||